[Event "European Rapid Championship 2021"]
[Site "Katowice"]
[Date "2021.12.19"]
[Round "9.13"]
[White "Galuszka, Tomasz"]
[Black "Przybylski, Wojciech"]
[Result "1/2-1/2"]
[WhiteElo "1886"]
[BlackElo "2321"]
[Annotator "NA"]
[PlyCount "122"]
[EventDate "2021.12.18"]
[EventType "swiss"]
[EventCountry "POL"]
[SourceTitle "playchess.com"]
[Source "ChessBase"]
[SourceQuality "1"]
[TimeControl "900+10"]

1. e4 {[%emt 0:00:03]} e5 {[%emt 0:00:02]} 2. Nf3 {[%emt 0:00:03]} Nf6 {
[%emt 0:00:05]} 3. Nxe5 {[%emt 0:00:02]} d6 {[%emt 0:00:02]} 4. Nf3 {[%emt 0:
00:02]} Nxe4 {[%emt 0:00:03]} 5. d4 {[%emt 0:00:02]} d5 {[%emt 0:00:03]} 6. Bd3
{[%emt 0:00:06]} Bd6 {[%emt 0:00:03]} 7. O-O {[%emt 0:00:05]} O-O {[%emt 0:00:
03]} 8. c4 {[%emt 0:00:04]} c6 {[%emt 0:00:02]} 9. Nc3 {[%emt 0:00:02]} Nxc3 {
[%emt 0:00:08]} 10. bxc3 {[%emt 0:00:03]} Bg4 {[%emt 0:00:27]} 11. Rb1 {
[%emt 0:02:10]} dxc4 {[%emt 0:00:17]} 12. Bxc4 {[%emt 0:00:03]} b5 {[%emt 0:00:
21]} 13. Be2 {[%emt 0:00:09]} Qc7 {[%emt 0:02:15]} 14. h3 {[%emt 0:00:12]} Be6
{[%emt 0:03:34]} 15. a4 {[%emt 0:00:19]} a6 {[%emt 0:00:07]} 16. Ng5 {[%emt 0:
00:53]} Bd5 {[%emt 0:00:38]} 17. Qc2 {[%emt 0:01:39]} g6 {[%emt 0:02:18]} 18.
c4 {[%emt 0:01:45]} bxc4 {[%emt 0:01:22]} 19. Bxc4 {[%emt 0:00:05]} Bxc4 {
[%emt 0:03:32]} 20. Qxc4 {[%emt 0:00:03]} Nd7 {[%emt 0:00:03]} 21. Ne4 {
[%emt 0:01:16]} a5 {[%emt 0:00:56]} 22. Rb3 {[%emt 0:03:05]} Rab8 {[%emt 0:01:
20]} 23. Bh6 {[%emt 0:04:38]} Rfe8 {[%emt 0:00:20]} 24. Rf3 {[%emt 0:00:04]}
Re7 {[%emt 0:00:38]} 25. Nxd6 {[%emt 0:00:11]} Qxd6 {[%emt 0:00:02]} 26. Bf4 {
[%emt 0:00:02]} Qb4 {[%emt 0:00:26]} 27. Qxc6 {[%emt 0:00:15]} Rb6 {[%emt 0:00:
18]} 28. Qc8+ {[%emt 0:00:52]} Kg7 {[%emt 0:00:00]} 29. Qc1 {[%emt 0:00:20]}
Re8 {[%emt 0:00:20]} 30. Bh6+ {[%emt 0:00:27]} Kg8 {[%emt 0:00:01]} 31. Re3 {
[%emt 0:00:19]} Rbb8 {[%emt 0:00:20]} 32. Rxe8+ {[%emt 0:00:23]} Rxe8 {[%emt 0:
00:00]} 33. d5 {[%emt 0:00:08]} Qxa4 {[%emt 0:00:07]} 34. Re1 {[%emt 0:00:14]}
Nf6 {[%emt 0:00:20]} 35. d6 {[%emt 0:00:31]} Qd7 {[%emt 0:00:13]} 36. Rxe8+ {
[%emt 0:00:20]} Nxe8 {[%emt 0:00:02]} 37. Bf4 {[%emt 0:00:08]} a4 {[%emt 0:00:
03]} 38. Qa3 {[%emt 0:00:07]} Kg7 {[%emt 0:00:14]} 39. h4 {[%emt 0:00:07]} f6 {
[%emt 0:00:02]} 40. Qc5 {[%emt 0:00:09]} h6 {[%emt 0:00:08]} 41. Bg3 {[%emt 0:
00:14]} Kf7 {[%emt 0:00:27]} 42. Qc4+ {[%emt 0:00:03]} Kg7 {[%emt 0:00:02]} 43.
Qc5 {[%emt 0:00:07]} Kf7 {[%emt 0:00:01]} 44. Qc4+ {[%emt 0:00:01]} Kg7 {
[%emt 0:00:01]} 45. Qc5 {[%emt 0:00:01]} h5 {[%emt 0:00:12]} 46. Kh2 {[%emt 0:
00:21]} Kf7 {[%emt 0:00:03]} 47. Qc4+ {[%emt 0:00:02]} Kf8 {[%emt 0:00:09]} 48.
Qe4 {[%emt 0:00:10]} Kf7 {[%emt 0:00:17]} 49. Qc4+ {[%emt 0:00:02]} Kf8 {
[%emt 0:00:02]} 50. Qe4 {[%emt 0:00:02]} Kf7 {[%emt 0:00:35]} 51. Qc4+ {
[%emt 0:00:01]} Kg7 {[%emt 0:00:13]} 52. Qc5 {[%emt 0:00:03]} Kf8 {[%emt 0:00:
13]} 53. Qb4 {[%emt 0:00:12]} Ng7 {[%emt 0:00:11]} 54. Qb8+ {[%emt 0:00:42]}
Kf7 {[%emt 0:00:01]} 55. Qc7 {[%emt 0:00:08]} Ke8 {[%emt 0:00:04]} 56. Qb8+ {
[%emt 0:00:06]} Kf7 {[%emt 0:00:01]} 57. Qc7 {[%emt 0:00:01]} Ke8 {[%emt 0:00:
06]} 58. Qb8+ {[%emt 0:00:01]} Kf7 {[%emt 0:00:37]} 59. Qc7 {[%emt 0:00:02]}
Ke8 {[%emt 0:00:02]} 60. Qb8+ {[%emt 0:00:01]} Kf7 {[%emt 0:00:21]} 61. Qc7 {
[%emt 0:00:01]} Ke8 {[%emt 0:00:12]} 1/2-1/2

[Event "European Rapid Championship 2021"]
[Site "Katowice"]
[Date "2021.12.19"]
[Round "9.14"]
[White "Sanz Wawer, Daniel"]
[Black "Grzesik, Gracjan"]
[Result "1-0"]
[WhiteElo "2371"]
[BlackElo "1992"]
[Annotator "NA"]
[PlyCount "91"]
[EventDate "2021.12.18"]
[EventType "swiss"]
[EventCountry "POL"]
[SourceTitle "playchess.com"]
[Source "ChessBase"]
[SourceQuality "1"]
[TimeControl "900+10"]

1. e4 {[%emt 0:00:01]} c5 {[%emt 0:00:01]} 2. Nf3 {[%emt 0:00:03]} d6 {[%emt 0:
00:01]} 3. d4 {[%emt 0:00:02]} cxd4 {[%emt 0:00:02]} 4. Nxd4 {[%emt 0:00:01]}
Nf6 {[%emt 0:00:02]} 5. Nc3 {[%emt 0:00:01]} Nc6 {[%emt 0:00:36]} 6. Bg5 {
[%emt 0:00:06]} Qb6 {[%emt 0:00:02]} 7. Nb3 {[%emt 0:00:30]} e6 {[%emt 0:00:16]
} 8. f4 {[%emt 0:01:50]} Be7 {[%emt 0:00:27]} 9. Qe2 {[%emt 0:00:35]} a6 {
[%emt 0:01:35]} 10. O-O-O {[%emt 0:00:04]} Qc7 {[%emt 0:00:13]} 11. g4 {
[%emt 0:00:49]} O-O {[%emt 0:01:52]} 12. Bg2 {[%emt 0:00:03]} Rb8 {[%emt 0:00:
37]} 13. Rd3 {[%emt 0:00:09]} Rd8 {[%emt 0:02:16]} 14. Kb1 {[%emt 0:00:23]} b5
{[%emt 0:01:00]} 15. Bxf6 {[%emt 0:00:07]} Bxf6 {[%emt 0:01:00]} 16. g5 {
[%emt 0:00:01]} Be7 {[%emt 0:00:51]} 17. h4 {[%emt 0:02:03]} b4 {[%emt 0:01:15]
} 18. Nd1 {[%emt 0:00:02]} a5 {[%emt 0:00:07]} 19. g6 {[%emt 0:00:06]} fxg6 {
[%emt 0:02:04]} 20. h5 {[%emt 0:02:07]} g5 {[%emt 0:00:12]} 21. Qg4 {[%emt 0:
02:22]} a4 {[%emt 0:00:28]} 22. Nc1 {[%emt 0:00:10]} Bd7 {[%emt 0:01:48]} 23.
h6 {[%emt 0:00:46]} g6 {[%emt 0:00:08]} 24. e5 {[%emt 0:00:50]} gxf4 {[%emt 0:
01:43]} 25. exd6 {[%emt 0:02:26]} Bxd6 {[%emt 0:00:01]} 26. Bxc6 {[%emt 0:00:
13]} Qxc6 {[%emt 0:00:11]} 27. Rh2 {[%emt 0:00:01]} Be7 {[%emt 0:00:41]} 28.
Rhd2 {[%emt 0:00:24]} Be8 {[%emt 0:00:07]} 29. Qxf4 {[%emt 0:00:11]} Rxd3 {
[%emt 0:00:11]} 30. Qe5 {[%emt 0:00:17]} Bf6 {[%emt 0:00:12]} 31. Qxf6 {
[%emt 0:00:20]} Rd7 {[%emt 0:00:01]} 32. Nd3 {[%emt 0:00:19]} Rf7 {[%emt 0:00:
06]} 33. Qe5 {[%emt 0:00:05]} Rd8 {[%emt 0:00:09]} 34. Rf2 {[%emt 0:00:10]} Qd6
{[%emt 0:00:20]} 35. Qe3 {[%emt 0:00:13]} e5 {[%emt 0:00:07]} 36. Rxf7 {
[%emt 0:00:15]} Bxf7 {[%emt 0:00:01]} 37. N1f2 {[%emt 0:00:06]} b3 {[%emt 0:00:
20]} 38. Ne4 {[%emt 0:00:59]} bxa2+ {[%emt 0:00:09]} 39. Ka1 {[%emt 0:00:02]}
Qe7 {[%emt 0:00:11]} 40. Qb6 {[%emt 0:00:36]} Rf8 {[%emt 0:00:13]} 41. Nf6+ {
[%emt 0:00:22]} Kh8 {[%emt 0:00:01]} 42. Nd7 {[%emt 0:00:11]} Re8 {[%emt 0:00:
21]} 43. N7xe5 {[%emt 0:00:15]} Be6 {[%emt 0:00:06]} 44. Qd4 {[%emt 0:00:17]}
Qf6 {[%emt 0:00:06]} 45. Nxg6+ {[%emt 0:00:06]} Kg8 {[%emt 0:00:19]} 46. Qxf6 {
[%emt 0:00:02]} 1-0

[Event "European Rapid Championship 2021"]
[Site "Katowice"]
[Date "2021.12.19"]
[Round "9.14"]
[White "Kulon, Klaudia"]
[Black "Andersen, Mads"]
[Result "0-1"]
[WhiteElo "2328"]
[BlackElo "2574"]
[Annotator "ChessBase"]
[PlyCount "90"]
[EventDate "2021.12.18"]
[EventType "swiss"]
[EventCountry "POL"]
[SourceTitle "playchess.com"]
[Source "ChessBase"]
[SourceQuality "1"]
[TimeControl "900+10"]

1. c4 {[%emt 0:00:01]} c6 {[%emt 0:00:04]} 2. g3 {[%emt 0:00:03]} d5 {[%emt 0:
00:02]} 3. Bg2 {[%emt 0:00:02]} Nf6 {[%emt 0:00:02]} 4. b3 {[%emt 0:00:02]} g6
{[%emt 0:00:15]} 5. Bb2 {[%emt 0:00:02]} Bg7 {[%emt 0:00:01]} 6. d4 {[%emt 0:
00:11]} O-O {[%emt 0:00:18]} 7. Nd2 {[%emt 0:00:01]} a5 {[%emt 0:00:50]} 8. a3
{[%emt 0:00:59]} b6 {[%emt 0:01:04]} 9. e3 {[%emt 0:00:24]} Ba6 {[%emt 0:00:19]
} 10. Rc1 {[%emt 0:00:11]} Nbd7 {[%emt 0:00:24]} 11. Ne2 {[%emt 0:00:07]} Re8 {
[%emt 0:00:22]} 12. O-O {[%emt 0:00:36]} e5 {[%emt 0:01:57]} 13. cxd5 {[%emt 0:
00:12]} cxd5 {[%emt 0:00:05]} 14. dxe5 {[%emt 0:01:32]} Nxe5 {[%emt 0:00:06]}
15. Bxe5 {[%emt 0:00:08]} Rxe5 {[%emt 0:00:03]} 16. Re1 {[%emt 0:01:12]} Qf8 {
[%emt 0:01:24]} 17. a4 {[%emt 0:00:42]} Ree8 {[%emt 0:01:53]} 18. Nd4 {[%emt 0:
00:15]} Rac8 {[%emt 0:00:07]} 19. Bh3 {[%emt 0:00:26]} Rc5 {[%emt 0:00:17]} 20.
Rxc5 {[%emt 0:01:17]} bxc5 {[%emt 0:00:14]} 21. Nc6 {[%emt 0:01:46]} Qd6 {
[%emt 0:00:29]} 22. Nxa5 {[%emt 0:00:26]} Qb6 {[%emt 0:00:11]} 23. b4 {[%emt 0:
00:08]} Qxb4 {[%emt 0:00:08]} 24. Nab3 {[%emt 0:00:14]} Bd3 {[%emt 0:02:42]}
25. Nf3 {[%emt 0:02:40]} c4 {[%emt 0:00:17]} 26. Nbd4 {[%emt 0:00:03]} Ne4 {
[%emt 0:00:10]} 27. Bd7 {[%emt 0:00:45]} Rf8 {[%emt 0:00:38]} 28. Bc6 {[%emt 0:
00:15]} Rd8 {[%emt 0:01:15]} 29. Qc1 {[%emt 0:00:06]} c3 {[%emt 0:00:34]} 30.
Bb5 {[%emt 0:00:14]} Bxb5 {[%emt 0:00:20]} 31. axb5 {[%emt 0:00:01]} Ra8 {
[%emt 0:00:42]} 32. Qc2 {[%emt 0:00:08]} Qc4 {[%emt 0:00:27]} 33. b6 {[%emt 0:
00:28]} Rb8 {[%emt 0:00:21]} 34. Rb1 {[%emt 0:00:11]} Bxd4 {[%emt 0:00:21]} 35.
Nxd4 {[%emt 0:00:19]} Qa6 {[%emt 0:00:40]} 36. Nc6 {[%emt 0:01:10]} Rxb6 {
[%emt 0:00:15]} 37. Rxb6 {[%emt 0:00:02]} Qxb6 {[%emt 0:00:04]} 38. Ne7+ {
[%emt 0:00:01]} Kg7 {[%emt 0:00:54]} 39. Nxd5 {[%emt 0:00:02]} Qb2 {[%emt 0:00:
00]} 40. Qxe4 {[%emt 0:00:34]} c2 {[%emt 0:00:02]} 41. Kg2 {[%emt 0:01:04]}
c1=Q {[%emt 0:00:05]} 42. Nf4 {[%emt 0:00:21]} Qcb1 {[%emt 0:00:25]} 43. Qe8 {
[%emt 0:00:21]} Qb7+ {[%emt 0:00:11]} 44. Kh3 {[%emt 0:00:10]} Qf5+ {[%emt 0:
00:09]} 45. g4 {[%emt 0:00:03]} Qf3+ {[%emt 0:00:02]} 0-1

[Event "European Rapid Championship 2021"]
[Site "Katowice"]
[Date "2021.12.19"]
[Round "9.15"]
[White "Mis, Mieszko"]
[Black "Laurusas, Tomas"]
[Result "1-0"]
[WhiteElo "2237"]
[BlackElo "2553"]
[Annotator "ChessBase"]
[PlyCount "107"]
[EventDate "2021.12.18"]
[EventType "swiss"]
[EventCountry "POL"]
[SourceTitle "playchess.com"]
[Source "ChessBase"]
[SourceQuality "1"]
[TimeControl "900+10"]

1. d4 {[%emt 0:00:03]} Nf6 {[%emt 0:00:01]} 2. c4 {[%emt 0:00:03]} e6 3. Nc3 {
[%emt 0:00:18]} Bb4 {[%emt 0:00:05]} 4. e3 {[%emt 0:00:14]} O-O {[%emt 0:00:08]
} 5. Bd2 {[%emt 0:00:07]} b6 {[%emt 0:02:51]} 6. Nf3 {[%emt 0:00:11]} Bb7 {
[%emt 0:00:19]} 7. Bd3 {[%emt 0:00:06]} c5 {[%emt 0:01:05]} 8. a3 {[%emt 0:00:
12]} Bxc3 {[%emt 0:00:02]} 9. Bxc3 {[%emt 0:00:04]} d6 {[%emt 0:00:06]} 10.
dxc5 {[%emt 0:00:42]} bxc5 {[%emt 0:00:07]} 11. Qc2 {[%emt 0:01:43]} e5 {
[%emt 0:00:52]} 12. Ng5 {[%emt 0:01:01]} h6 {[%emt 0:02:17]} 13. Nh7 {[%emt 0:
00:38]} Re8 {[%emt 0:00:23]} 14. Nxf6+ {[%emt 0:00:11]} Qxf6 {[%emt 0:00:01]}
15. Bh7+ {[%emt 0:03:08]} Kh8 {[%emt 0:00:03]} 16. Be4 {[%emt 0:00:02]} Nc6 {
[%emt 0:00:54]} 17. O-O-O {[%emt 0:01:48]} Qe6 {[%emt 0:02:58]} 18. Bd5 {
[%emt 0:00:32]} Qd7 {[%emt 0:00:05]} 19. f4 {[%emt 0:01:17]} exf4 {[%emt 0:01:
09]} 20. exf4 {[%emt 0:00:02]} Rad8 {[%emt 0:00:57]} 21. Qf2 {[%emt 0:00:25]}
Ne7 {[%emt 0:00:32]} 22. Bxf7 {[%emt 0:02:09]} Rf8 {[%emt 0:00:01]} 23. Bh5 {
[%emt 0:00:07]} Qf5 {[%emt 0:00:18]} 24. Rhe1 {[%emt 0:00:16]} Rd7 {[%emt 0:03:
12]} 25. g4 {[%emt 0:00:21]} Qxf4+ {[%emt 0:00:19]} 26. Qxf4 {[%emt 0:00:01]}
Rxf4 {[%emt 0:00:01]} 27. Be8 Rc7 28. Ba5 {[%emt 0:01:47]} Rxc4+ {[%emt 0:00:
16]} 29. Kb1 {[%emt 0:00:08]} Nd5 {[%emt 0:00:20]} 30. Bb5 {[%emt 0:01:21]} Re4
{[%emt 0:00:35]} 31. Rxe4 {[%emt 0:00:37]} Nc3+ {[%emt 0:00:00]} 32. Bxc3 {
[%emt 0:00:15]} Bxe4+ {[%emt 0:00:01]} 33. Bd3 {[%emt 0:00:07]} Bxd3+ {[%emt 0:
00:29]} 34. Rxd3 {[%emt 0:00:01]} Rd7 {[%emt 0:00:04]} 35. Rd5 {[%emt 0:00:25]}
Kg8 {[%emt 0:00:02]} 36. Be5 {[%emt 0:00:04]} Re7 {[%emt 0:00:01]} 37. Bxd6 {
[%emt 0:00:03]} Rd7 {[%emt 0:00:01]} 38. Rd2 {[%emt 0:00:09]} Kf7 {[%emt 0:00:
04]} 39. Rf2+ {[%emt 0:00:03]} Kg6 {[%emt 0:00:01]} 40. Bxc5 {[%emt 0:00:02]}
a6 {[%emt 0:00:02]} 41. Be3 {[%emt 0:00:53]} Rd3 {[%emt 0:00:03]} 42. Re2 {
[%emt 0:00:02]} h5 {[%emt 0:00:14]} 43. gxh5+ {[%emt 0:00:01]} Kxh5 {[%emt 0:
00:01]} 44. Kc2 {[%emt 0:00:01]} Rd7 {[%emt 0:00:03]} 45. Bd2 {[%emt 0:00:07]}
Kh4 {[%emt 0:00:04]} 46. Rg2 {[%emt 0:00:06]} Kh3 {[%emt 0:00:03]} 47. Rg6 {
[%emt 0:00:02]} Kxh2 {[%emt 0:00:07]} 48. Bc3 {[%emt 0:00:01]} Kh1 {[%emt 0:00:
06]} 49. Rxg7 {[%emt 0:00:03]} Rd6 {[%emt 0:00:02]} 50. Rf7 {[%emt 0:00:06]}
Rd5 {[%emt 0:00:04]} 51. Rf6 {[%emt 0:00:06]} a5 {[%emt 0:00:05]} 52. a4 {
[%emt 0:00:02]} Kg2 {[%emt 0:00:03]} 53. Ra6 {[%emt 0:00:02]} Rd2+ {[%emt 0:00:
03]} 54. Kxd2 {[%emt 0:00:03]} 1-0

[Event "European Rapid Championship 2021"]
[Site "Katowice"]
[Date "2021.12.19"]
[Round "9.15"]
[White "Rog, Bartlomiej"]
[Black "Semjonovs, Ilja"]
[Result "0-1"]
[WhiteElo "1859"]
[BlackElo "2383"]
[Annotator "NA"]
[PlyCount "56"]
[EventDate "2021.12.18"]
[EventType "swiss"]
[EventCountry "POL"]
[SourceTitle "playchess.com"]
[Source "ChessBase"]
[SourceQuality "1"]
[TimeControl "900+10"]

1. e4 {[%emt 0:00:02]} c5 {[%emt 0:00:01]} 2. Nf3 {[%emt 0:00:01]} d6 {[%emt 0:
00:01]} 3. d4 {[%emt 0:00:08]} cxd4 {[%emt 0:00:02]} 4. Nxd4 {[%emt 0:00:31]}
Nf6 {[%emt 0:00:02]} 5. Nc3 {[%emt 0:00:00]} a6 {[%emt 0:00:01]} 6. h3 {
[%emt 0:00:02]} e5 {[%emt 0:00:10]} 7. Nde2 {[%emt 0:00:00]} h5 {[%emt 0:00:21]
} 8. g3 {[%emt 0:00:14]} Be7 {[%emt 0:00:52]} 9. Bg2 {[%emt 0:00:03]} Nbd7 {
[%emt 0:00:42]} 10. a4 {[%emt 0:00:09]} b6 {[%emt 0:00:06]} 11. Nd5 {[%emt 0:
00:35]} Nxd5 {[%emt 0:00:41]} 12. Qxd5 {[%emt 0:00:01]} Rb8 {[%emt 0:00:03]}
13. Nc3 {[%emt 0:00:05]} Bb7 {[%emt 0:00:13]} 14. Qd1 {[%emt 0:00:05]} h4 {
[%emt 0:00:19]} 15. g4 {[%emt 0:00:28]} O-O {[%emt 0:00:30]} 16. O-O {[%emt 0:
01:06]} Nc5 {[%emt 0:02:38]} 17. Nd5 {[%emt 0:02:02]} Bg5 {[%emt 0:01:21]} 18.
Bxg5 {[%emt 0:00:59]} Qxg5 {[%emt 0:00:02]} 19. Nxb6 {[%emt 0:02:26]} Bxe4 {
[%emt 0:01:48]} 20. Qxd6 {[%emt 0:00:01]} Bxg2 {[%emt 0:00:04]} 21. Kxg2 {
[%emt 0:00:01]} Ne6 {[%emt 0:01:22]} 22. Nc4 {[%emt 0:01:46]} Qf4 {[%emt 0:01:
01]} 23. Qd3 {[%emt 0:04:13]} Rfd8 {[%emt 0:03:38]} 24. Qe2 {[%emt 0:00:11]}
Qd4 {[%emt 0:00:13]} 25. Kh2 {[%emt 0:01:19]} Nf4 {[%emt 0:00:02]} 26. Qxe5 {
[%emt 0:00:01]} Qxc4 {[%emt 0:00:01]} 27. Rad1 {[%emt 0:00:46]} Re8 {[%emt 0:
00:43]} 28. Qd6 {[%emt 0:00:03]} Qe4 {[%emt 0:00:10]} 0-1

[Event "European Rapid Championship 2021"]
[Site "Katowice"]
[Date "2021.12.19"]
[Round "9.16"]
[White "Lewtak, Damian"]
[Black "Klekowski, Maciej"]
[Result "0-1"]
[WhiteElo "2185"]
[BlackElo "2528"]
[Annotator "ChessBase"]
[PlyCount "66"]
[EventDate "2021.12.18"]
[EventType "swiss"]
[EventCountry "POL"]
[SourceTitle "playchess.com"]
[Source "ChessBase"]
[SourceQuality "1"]
[TimeControl "900+10"]

1. c3 {[%emt 0:00:01]} Nf6 {[%emt 0:00:14]} 2. d4 {[%emt 0:00:02]} d6 {[%emt 0:
00:07]} 3. Nf3 {[%emt 0:00:04]} Nbd7 {[%emt 0:00:02]} 4. Bf4 {[%emt 0:00:03]}
Nh5 {[%emt 0:00:15]} 5. e3 {[%emt 0:00:06]} c5 {[%emt 0:01:38]} 6. Bg5 {
[%emt 0:00:33]} h6 {[%emt 0:00:20]} 7. Bh4 {[%emt 0:00:04]} g5 {[%emt 0:00:03]}
8. Nfd2 {[%emt 0:00:16]} Ndf6 {[%emt 0:02:01]} 9. Be2 {[%emt 0:01:35]} gxh4 {
[%emt 0:00:02]} 10. Bxh5 {[%emt 0:00:03]} Nxh5 {[%emt 0:00:01]} 11. Qxh5 {
[%emt 0:00:05]} Rg8 {[%emt 0:00:01]} 12. dxc5 {[%emt 0:01:18]} Rxg2 {[%emt 0:
01:46]} 13. cxd6 {[%emt 0:02:03]} Qxd6 {[%emt 0:00:24]} 14. Na3 {[%emt 0:00:45]
} Bg4 {[%emt 0:03:28]} 15. Qb5+ {[%emt 0:01:35]} Bd7 {[%emt 0:00:01]} 16. Qxb7
{[%emt 0:00:22]} Bc6 {[%emt 0:00:05]} 17. Qa6 {[%emt 0:00:29]} Rg6 {[%emt 0:01:
30]} 18. Rf1 {[%emt 0:00:02]} Qxh2 {[%emt 0:02:38]} 19. O-O-O {[%emt 0:00:03]}
Bg7 {[%emt 0:00:21]} 20. f4 {[%emt 0:02:50]} Kf8 {[%emt 0:00:53]} 21. f5 {
[%emt 0:02:09]} Rf6 {[%emt 0:00:01]} 22. e4 {[%emt 0:00:27]} Bxe4 {[%emt 0:00:
38]} 23. Qa5 {[%emt 0:00:01]} Bc6 {[%emt 0:00:16]} 24. Ne4 {[%emt 0:00:24]} h3
{[%emt 0:00:50]} 25. Rd8+ {[%emt 0:01:19]} Rxd8 {[%emt 0:00:01]} 26. Qxd8+ {
[%emt 0:00:02]} Be8 {[%emt 0:00:01]} 27. Re1 {[%emt 0:02:32]} Qf4+ {[%emt 0:00:
06]} 28. Nd2 {[%emt 0:00:18]} Qd6 {[%emt 0:00:14]} 29. Qxd6 {[%emt 0:00:02]}
Rxd6 {[%emt 0:00:12]} 30. Re3 {[%emt 0:00:21]} h2 {[%emt 0:00:10]} 31. Rh3 {
[%emt 0:00:03]} Rxd2 {[%emt 0:00:10]} 32. Kxd2 {[%emt 0:00:06]} Be5 {[%emt 0:
00:01]} 33. Nc4 {[%emt 0:00:26]} Bf4+ {[%emt 0:00:01]} 0-1

[Event "European Rapid Championship 2021"]
[Site "Katowice"]
[Date "2021.12.19"]
[Round "9.16"]
[White "Malik, Maciej"]
[Black "Ortega Ruiz, Jose Miguel"]
[Result "1/2-1/2"]
[WhiteElo "1849"]
[BlackElo "2150"]
[Annotator "NA"]
[PlyCount "121"]
[EventDate "2021.12.18"]
[EventType "swiss"]
[EventCountry "POL"]
[SourceTitle "playchess.com"]
[Source "ChessBase"]
[SourceQuality "1"]
[TimeControl "900+10"]

1. d4 {[%emt 0:00:02]} Nf6 {[%emt 0:00:01]} 2. Nf3 {[%emt 0:00:02]} g6 {
[%emt 0:00:01]} 3. c4 {[%emt 0:00:01]} Bg7 {[%emt 0:00:03]} 4. Nc3 {[%emt 0:00:
01]} d6 {[%emt 0:00:03]} 5. Bg5 {[%emt 0:00:02]} Nbd7 {[%emt 0:00:10]} 6. e3 {
[%emt 0:00:01]} c6 {[%emt 0:00:19]} 7. Be2 {[%emt 0:00:02]} O-O {[%emt 0:00:17]
} 8. Qc2 {[%emt 0:00:04]} e5 {[%emt 0:01:56]} 9. dxe5 {[%emt 0:00:03]} dxe5 {
[%emt 0:00:01]} 10. O-O {[%emt 0:00:02]} Qc7 {[%emt 0:00:19]} 11. Rad1 {
[%emt 0:00:15]} Nc5 {[%emt 0:00:20]} 12. b4 {[%emt 0:00:27]} Ne6 {[%emt 0:00:
04]} 13. Bxf6 {[%emt 0:00:02]} Bxf6 {[%emt 0:00:01]} 14. Ne4 {[%emt 0:00:02]}
Bg7 {[%emt 0:00:01]} 15. c5 {[%emt 0:00:22]} a5 {[%emt 0:00:01]} 16. a3 {
[%emt 0:00:02]} axb4 {[%emt 0:00:01]} 17. axb4 {[%emt 0:00:01]} b5 {[%emt 0:01:
11]} 18. Nd6 {[%emt 0:00:50]} Ra4 {[%emt 0:00:38]} 19. Qb3 {[%emt 0:00:57]} Qa7
{[%emt 0:00:30]} 20. Nd2 {[%emt 0:01:11]} Nc7 {[%emt 0:00:25]} 21. Nxc8 {
[%emt 0:01:16]} Rxc8 {[%emt 0:00:01]} 22. Bg4 {[%emt 0:00:56]} Rf8 {[%emt 0:00:
43]} 23. Bd7 {[%emt 0:01:59]} Qa8 {[%emt 0:02:08]} 24. Ne4 {[%emt 0:00:39]} Na6
{[%emt 0:00:01]} 25. Qd3 {[%emt 0:01:38]} Rxb4 {[%emt 0:00:36]} 26. Qd6 {
[%emt 0:00:01]} Nb8 {[%emt 0:00:22]} 27. Nf6+ {[%emt 0:01:45]} Bxf6 {[%emt 0:
00:30]} 28. Qxf6 {[%emt 0:00:01]} Qa7 {[%emt 0:00:29]} 29. Bf5 {[%emt 0:03:14]}
Qxc5 {[%emt 0:00:20]} 30. h4 {[%emt 0:00:01]} e4 {[%emt 0:01:21]} 31. g4 {
[%emt 0:00:01]} Re8 {[%emt 0:00:45]} 32. h5 {[%emt 0:00:23]} Qe5 {[%emt 0:02:
31]} 33. Qxe5 {[%emt 0:00:02]} Rxe5 {[%emt 0:00:01]} 34. Rd8+ {[%emt 0:00:01]}
Kg7 {[%emt 0:00:01]} 35. hxg6 {[%emt 0:00:01]} hxg6 {[%emt 0:00:06]} 36. Bc8 {
[%emt 0:00:01]} Ra4 {[%emt 0:00:46]} 37. Bb7 {[%emt 0:00:10]} Na6 {[%emt 0:00:
00]} 38. Bxc6 {[%emt 0:00:08]} Nb4 {[%emt 0:00:05]} 39. Be8 {[%emt 0:01:31]}
Ra5 {[%emt 0:01:30]} 40. Rc1 {[%emt 0:00:40]} Ra7 {[%emt 0:00:10]} 41. Rb1 {
[%emt 0:00:19]} Nd3 {[%emt 0:01:17]} 42. Bxb5 {[%emt 0:00:07]} Nc5 {[%emt 0:00:
02]} 43. Be2 {[%emt 0:00:17]} Ne6 {[%emt 0:00:00]} 44. Rd2 {[%emt 0:00:25]} Kf6
{[%emt 0:00:03]} 45. Kg2 {[%emt 0:00:06]} Rc5 {[%emt 0:00:09]} 46. Rb4 {
[%emt 0:00:15]} Ke5 {[%emt 0:00:01]} 47. Rdd4 {[%emt 0:00:36]} f5 {[%emt 0:00:
03]} 48. Rdc4 {[%emt 0:00:08]} Rxc4 {[%emt 0:00:07]} 49. Bxc4 {[%emt 0:00:02]}
Nc7 {[%emt 0:00:15]} 50. gxf5 {[%emt 0:00:11]} gxf5 {[%emt 0:00:01]} 51. Rb6 {
[%emt 0:00:00]} f4 {[%emt 0:00:14]} 52. Kh3 {[%emt 0:00:30]} fxe3 {[%emt 0:00:
17]} 53. fxe3 {[%emt 0:00:01]} Ra3 {[%emt 0:00:02]} 54. Rb3 {[%emt 0:00:28]}
Ra4 {[%emt 0:00:02]} 55. Bb5 {[%emt 0:00:32]} Ra1 {[%emt 0:00:06]} 56. Rc3 {
[%emt 0:00:28]} Nd5 {[%emt 0:00:09]} 57. Rb3 {[%emt 0:00:07]} Re1 {[%emt 0:00:
08]} 58. Bc6 {[%emt 0:00:20]} Nxe3 {[%emt 0:00:08]} 59. Rb4 {[%emt 0:00:27]}
Kd6 {[%emt 0:00:57]} 60. Bxe4 {[%emt 0:00:03]} Kc5 {[%emt 0:00:01]} 61. Ra4 {
[%emt 0:00:08]} 1/2-1/2